| 000 | 00403nam a2200157 a 4500 | ||
|---|---|---|---|
| 005 | 20140310183233.0 | ||
| 008 | 040712s19uu xx 00 eng d | ||
| 050 |
_aRM 147 _b.N277 1989 |
||
| 100 | _aNTTC | ||
| 245 |
_aPrinciples and methods of drug administration : _bFNP33 / _cNTTC. |
||
| 260 | _c1989. | ||
| 300 |
_a93 p. : _c22 cm. |
||
| 942 |
_cBK _2lcc _kLOC |
||
| 999 |
_c20521 _d20521 |
||